R v SOS for the Environment ex parte Hillingdon LBC (Record no. 36110)

MARC details
000 -LEADER
fixed length control field 01770cab a2200265 4500
001 - CONTROL NUMBER
control field ABS46645
008 - FIXED-LENGTH DATA ELEMENTS--GENERAL INFORMATION
fixed length control field 090401t1992 xxu||||| |||| 00| 0 eng d
035 ## - SYSTEM CONTROL NUMBER
System control number (Sirsi) u58992
041 ## - LANGUAGE CODE
Language code of text/sound track or separate title eng
245 ## - TITLE STATEMENT
Title R v SOS for the Environment ex parte Hillingdon LBC
260 ## - PUBLICATION, DISTRIBUTION, ETC.
Date of publication, distribution, etc. 1992
350 ## - PRICE (NR) (BK AM CF MU VM SE) [OBSOLETE]
Price 0
490 ## - SERIES STATEMENT
Series statement Journal of Planning and Environment Law
Volume/sequential designation (1992) JPL 668-680(13)
520 ## - SUMMARY, ETC.
Summary, etc. QBD 26 November 1991. N were granted outline planning permission for a hotel in 1982 and reserved matters were approved in 1985 subject to the condition that work had to begin within two years i.e. by 19 July 1987, of the permission would lapse. On 25 May 1988 the council issued an enforcement notice alleging that work done in 1988 was out of time. They issued a stop notice. On appeal an Inspector quashed the enforcement notice on the grounds that N had done some work pre July 1987 and that was sufficient to keep the permission alive. The stop notice ceased to have effect on 2 February 1989. The council claimed that the period for claiming compensation under s177 of the 1971 Act ceased on 2 August 1989. The council`s appeal was dismissed in January 1990. On 9 August 1989 N requested by letter that SOS exercise his discretion to extend the period of time for claiming compensation under Town and Country Planning General Regulations 1976. The SOS did extend it for six months. The counci
650 ## - SUBJECT ADDED ENTRY--TOPICAL TERM
Topical term or geographic name entry element ENFORCEMENT NOTICE
650 ## - SUBJECT ADDED ENTRY--TOPICAL TERM
Topical term or geographic name entry element EXTENSION OF TIME
650 ## - SUBJECT ADDED ENTRY--TOPICAL TERM
Topical term or geographic name entry element OUT OF TIME
650 ## - SUBJECT ADDED ENTRY--TOPICAL TERM
Topical term or geographic name entry element OUTLINE PLANNING PERMISSION
650 ## - SUBJECT ADDED ENTRY--TOPICAL TERM
Topical term or geographic name entry element STOP NOTICE
650 ## - SUBJECT ADDED ENTRY--TOPICAL TERM
Topical term or geographic name entry element TOWN AND COUNTRY PLANNING ACT 1971 S177
650 ## - SUBJECT ADDED ENTRY--TOPICAL TERM
Topical term or geographic name entry element TOWN AND COUNTRY PLANNING GENERAL REGULATIONS 1976
690 ## - LOCAL SUBJECT ADDED ENTRY--TOPICAL TERM (OCLC, RLIN)
Topical term or geographic name as entry element PLANNING LAW AND PRACTICE-CASE LAW
942 ## - ADDED ENTRY ELEMENTS (KOHA)
Suppress in OPAC 0
948 ## - LOCAL PROCESSING INFORMATION (OCLC); SERIES PART DESIGNATOR (RLIN)
c (OCLC) 04/03/1997
Holdings
Withdrawn status Lost status Source of classification or shelving scheme Damaged status Not for loan Home library Current library Shelving location Date acquired Total Checkouts Full call number Barcode Date last seen Copy number Price effective from Koha item type
    Dewey Decimal Classification     London London Journal article 14/09/1999   ABS46645 58992-1001 06/08/2019 1 06/08/2019 Law report